Normal view
MARC view
- Lewis, Ricki
Entry Personal Name
001 - CONTROL NUMBER
- control field: 40216
003 - CONTROL NUMBER IDENTIFIER
- control field: OSt
005 - DATE AND TIME OF LATEST TRANSACTION
- control field: 20191007101158.0
008 - FIXED-LENGTH DATA ELEMENTS
- fixed length control field: 191007|| aca||aabn | a|a d
040 ## - CATALOGING SOURCE
- Original cataloging agency: OSt
- Transcribing agency: OSt
100 ## - HEADING--PERSONAL NAME
- Personal name: Lewis, Ricki
670 ## - SOURCE DATA FOUND
- Source citation: Work cat.: (OSt): Lewis, Ricki, Human genetics:, ©2018
